Global civil society : (Record no. 910)

MARC details
000 -LEADER
fixed length control field 00512nam a22001457a 4500
008 - FIXED-LENGTH DATA ELEMENTS--GENERAL INFORMATION
fixed length control field 020421b xxu||||| |||| 00| 0 eng d
020 ## - INTERNATIONAL STANDARD BOOK NUMBER
International Standard Book Number 9-780745-62757-1
040 ## - CATALOGING SOURCE
Original cataloging agency G.U
Transcribing agency T.O.D
Modifying agency G.U
082 ## - DEWEY DECIMAL CLASSIFICATION NUMBER
Classification number 300 KAL
Item number 0026572
245 ## - TITLE STATEMENT
Title Global civil society :
Remainder of title An answer to war /
Statement of responsibility, etc. Kaldor, Mary . _
260 ## - PUBLICATION, DISTRIBUTION, ETC. (IMPRINT)
Place of publication, distribution, etc. Cambridge, UK :
Name of publisher, distributor, etc. polity press,
Date of publication, distribution, etc. C2003
300 ## - PHYSICAL DESCRIPTION
Extent viii, 189 pages :
Other physical details ill. ;
Dimensions 24 cm.
Accompanying material include bibliographical references and indexes
650 ## - SUBJECT ADDED ENTRY--TOPICAL TERM
Form subdivision 1.civil society 2. globalization
942 ## - ADDED ENTRY ELEMENTS (KOHA)
Source of classification or shelving scheme Dewey Decimal Classification
Koha item type Book
Holdings
Withdrawn status Lost status Source of classification or shelving scheme Damaged status Not for loan Home library Current library Date acquired Inventory number Total Checkouts Full call number Barcode Date last seen Price effective from Koha item type
    Dewey Decimal Classification     Main Library East Wing Main Library East Wing 04/05/2002 0026572   300 KAL 4190 04/05/2002 04/05/2002 Book

Gulu University Library | Gulu University P.O. Box : 166 Gulu, Uganda
Tel : +256-(0) 4714-32924 or +256-(0) 4714-33988 or +256-(0) 4714-32094 / E-mail : library@gu.ac.ug